|
|
|
|
| LEADER |
00000cam a2200000 7i4500 |
| 001 |
0000002480 |
| 002 |
000002703 |
| 005 |
20000330.0 |
| 020 |
|
|
|a 9676104809
|
| 090 |
0 |
0 |
|a 370.157
|b AIN
|
| 100 |
0 |
|
|a Ainon Mohd
|
| 245 |
1 |
0 |
|a Pemikiran reka cipta :
|b Kaedah mengajar bahan latihan
|c Ainon Mohd dan Abdullah Hassan
|
| 260 |
|
|
|a Kuala Lumpur :
|b Utusan Publications & DistributorsSdn.Bhd. ,
|c 1994
|
| 300 |
|
|
|a 309p. ;
|c 21cm.
|
| 650 |
0 |
0 |
|a Creative ability
|x Study and teaching
|
| 999 |
|
|
|a 036097
|b BUKU
|c PINJAMAN
|e PERPUSTAKAAN KOMUNITI PETALING JAYA
|
| 999 |
|
|
|a 036098
|b BUKU
|c PINJAMAN
|e PERPUSTAKAAN KOMUNITI PETALING JAYA
|
| 999 |
|
|
|a 036720
|b BUKU
|c PINJAMAN
|e PERPUSTAKAAN KOMUNITI PETALING JAYA
|